Sports Quiz

Random Sports or Basketball Quiz

Sports Leagues By Initials Quiz Stats

 Plays Quiz Updated Sep 19, 2017

Challenge
Share
Tweet
Embed
Score 0/78 Timer 04:00
8 Plays Today
Hint Word % Correct
MLBLeague
99.2%
CFLLeague
99.2%
NHLLeague
99.2%
IPLLeague
99.2%
FLCLeague
99.2%
MLSLeague
99.2%
NRLLeague
99.2%
NLLLeague
99.2%
MLLLeague
99.2%
AFLLeague
99.2%
UFLLeague
99.2%
NFLLeague
99.2%
EPLLeague
99.2%
QMJHLLeague
99.2%
NBANational
98.4%
NFLNational
98.4%
NHLNational
98.4%
NRLNational
98.4%
NASCARNational
98.4%
MLBMajor
96.9%
MLLMajor
96.9%
MLSMajor
96.8%
NFLFootball
96.5%
UFLFootball
96.5%
AFLFootball
96.5%
CFLFootball
96.5%
MLBBaseball
96.4%
NLLNational
96.2%
NHLHockey
95.1%
NBAAssociation
94.4%
ABAAssociation
94.4%
PGAAssociation
94.4%
NBABasketball
94.4%
ABABasketball
94.4%
NASCARAssociation (for)
94.3%
FLCFootball
94.3%
QMJHLMajor
93.6%
PBAAssociation
92.2%
LPGAAssociation
91%
Hint Word % Correct
AFLArena
90.8%
LPGAGolf
88.8%
PBRProfessional
88%
ABAAmerican
87.6%
PGAProfessional
87.6%
QMJHLHockey
86.1%
MLSSoccer
86%
PBAProfessional
85.6%
LPGAProfessional
84.3%
NASCARCar
84.2%
NASCARRacing
83.1%
UFCFighting
80.9%
CFLCanadian
80.4%
MLLLacrosse
74.6%
NLLLacrosse
72.7%
PGAGolfers
72.4%
ITFInternational
70.8%
LPGALadies
70.7%
UFLUnited
69.6%
UFCUltimate
69.6%
UFCChampionship
67%
PBABowlers
65.5%
FLCChampionship
65.2%
WTTTennis
64.4%
ITFTennis
63.6%
WTTWorld
63.3%
NASCARStock
58.1%
QMJHLJunior
57.4%
ITFFederation
53.9%
NASCARAuto
52.8%
EPLPremier
50.2%
IPLPremier
48.3%
QMJHLQuébec
47.5%
PBRBull
39.8%
EPLEnglish
39%
NRLRugby
38.5%
PBRRiders
36.2%
IPLIndian
28.6%
WTTTeam
26%

You're not logged in!

Compare scores with friends on all Sporcle quizzes.
OR
Log In

You Might Also Like...

Show Comments

Extras

Top Quizzes Today


Score Distribution

Your Account Isn't Verified!

In order to create a playlist on Sporcle, you need to verify the email address you used during registration. Go to your Sporcle Settings to finish the process.

Report this User

Report this user for behavior that violates our Community Guidelines.

Details: